000 00654nam a2200181 u 4500
001 000046222
005 20201002052722.0
008 100813s2015 dr 000 0 spa d
020 _a9789945083538
040 _aDO-SdBNP
_bspa
_cBNPHU
082 _axxxxxxxxx
_bxxxxxxxxx
100 1 _aHernández Figueroa, Alfredo Rafael
_96902
245 1 0 _a¡Mataron al comisario! :
_bun episodio ignorado de nuestra microhistoria /
_cAlfredo Rafael Hernández Figueroa.
260 _aSanto Domingo :
_bAlfredo,
_c2015.
300 _a36 p. ;
_c21 cm.
500 _aIncluye referencias bibliográficas y notas al pie de las páginas
504 _aBibligrafías : p. 35-36
999 _c45711
_d45711